<?xml version="1.0" encoding="UTF-8"?>
<record
    xmlns:xsi="http://www.w3.org/2001/XMLSchema-instance"
    xsi:schemaLocation="http://www.loc.gov/MARC21/slim http://www.loc.gov/standards/marcxml/schema/MARC21slim.xsd"
    xmlns="http://www.loc.gov/MARC21/slim">

  <leader>01364nam a22001937a 4500</leader>
  <controlfield tag="008">110819t        xxu||||| |||| 00| 0 eng d</controlfield>
  <datafield tag="020" ind1=" " ind2=" ">
    <subfield code="a">0534376665 9780534376666</subfield>
  </datafield>
  <datafield tag="050" ind1=" " ind2=" ">
    <subfield code="a">QA76.76.O63F59</subfield>
  </datafield>
  <datafield tag="100" ind1=" " ind2=" ">
    <subfield code="a">Flynn, Ida M. </subfield>
  </datafield>
  <datafield tag="245" ind1=" " ind2=" ">
    <subfield code="a">Understanding operating systems</subfield>
    <subfield code="c">Ida M. Flynn; Ann McIver McHoes</subfield>
  </datafield>
  <datafield tag="250" ind1=" " ind2=" ">
    <subfield code="a">3rd ed.</subfield>
  </datafield>
  <datafield tag="260" ind1=" " ind2=" ">
    <subfield code="a">Pacific Grove, CA </subfield>
    <subfield code="b">Brooks/Cole Thomson Learning</subfield>
    <subfield code="c">2001</subfield>
  </datafield>
  <datafield tag="300" ind1=" " ind2=" ">
    <subfield code="a">xviii 462 p. </subfield>
    <subfield code="b">ill.</subfield>
    <subfield code="c">25 cm.</subfield>
  </datafield>
  <datafield tag="500" ind1=" " ind2=" ">
    <subfield code="a">Bibliography: p. 455-458     Includes index</subfield>
  </datafield>
  <datafield tag="505" ind1=" " ind2=" ">
    <subfield code="a">Contents: Part 1.  Operating Systems Theory: Overview -- Memory management,early systems -- Memory management, recent systems -- Processor management -- Process management -- Concurrent process -- Device management -- File management -- Network organization concepts -- Management of network functions -- Systems management -- Part 2. Operating systems in practice: MS-DOS operating system -- Windows 2000 operating system -- UNIX operating systems -- OpenVMS Alpha operating system -- OS/390 operating system -- Appendix. A: Command translation table -- Appendix B: Guide to IBM acronyms -- Appendix C: Guide to microsoft acronyms -- Appendix D: Guide to graphical user interfaces -- Appendix E: ACM code of ethics and professional conduct -- Glossary </subfield>
  </datafield>
  <datafield tag="650" ind1=" " ind2=" ">
    <subfield code="a">Operating systems (Computers) </subfield>
  </datafield>
  <datafield tag="700" ind1=" " ind2=" ">
    <subfield code="a"> McHoes, Ann McIver</subfield>
  </datafield>
  <datafield tag="942" ind1=" " ind2=" ">
    <subfield code="2">lcc</subfield>
    <subfield code="c">BK</subfield>
  </datafield>
  <datafield tag="999" ind1=" " ind2=" ">
    <subfield code="c">18</subfield>
    <subfield code="d">7518</subfield>
  </datafield>
  <datafield tag="952" ind1=" " ind2=" ">
    <subfield code="0">0</subfield>
    <subfield code="1">0</subfield>
    <subfield code="2">lcc</subfield>
    <subfield code="4">0</subfield>
    <subfield code="7">0</subfield>
    <subfield code="a">WIUC-1</subfield>
    <subfield code="b">WIUC-1</subfield>
    <subfield code="c">GEN</subfield>
    <subfield code="d">2011-08-19</subfield>
    <subfield code="l">0</subfield>
    <subfield code="o">QA76.76.O63F598</subfield>
    <subfield code="p">029/11</subfield>
    <subfield code="r">2011-08-19 00:00:00</subfield>
    <subfield code="t">1</subfield>
    <subfield code="w">2011-08-19</subfield>
    <subfield code="y">BK</subfield>
  </datafield>
  <datafield tag="952" ind1=" " ind2=" ">
    <subfield code="0">0</subfield>
    <subfield code="1">0</subfield>
    <subfield code="2">lcc</subfield>
    <subfield code="4">0</subfield>
    <subfield code="7">0</subfield>
    <subfield code="a">WIUC-1</subfield>
    <subfield code="b">WIUC-1</subfield>
    <subfield code="c">GEN</subfield>
    <subfield code="d">2011-08-19</subfield>
    <subfield code="l">0</subfield>
    <subfield code="o">QA76.76.O63F5981</subfield>
    <subfield code="p">030/11</subfield>
    <subfield code="r">2011-08-19 00:00:00</subfield>
    <subfield code="t">2</subfield>
    <subfield code="w">2011-08-19</subfield>
    <subfield code="y">BK</subfield>
  </datafield>
  <datafield tag="952" ind1=" " ind2=" ">
    <subfield code="0">0</subfield>
    <subfield code="1">0</subfield>
    <subfield code="2">lcc</subfield>
    <subfield code="4">0</subfield>
    <subfield code="7">0</subfield>
    <subfield code="a">WIUC-1</subfield>
    <subfield code="b">WIUC-1</subfield>
    <subfield code="c">GEN</subfield>
    <subfield code="d">2011-08-19</subfield>
    <subfield code="l">0</subfield>
    <subfield code="o">QA76.76.O63F5982</subfield>
    <subfield code="p">031/11</subfield>
    <subfield code="r">2011-08-19 00:00:00</subfield>
    <subfield code="t">3</subfield>
    <subfield code="w">2011-08-19</subfield>
    <subfield code="y">BK</subfield>
  </datafield>
  <datafield tag="952" ind1=" " ind2=" ">
    <subfield code="0">0</subfield>
    <subfield code="1">0</subfield>
    <subfield code="2">lcc</subfield>
    <subfield code="4">0</subfield>
    <subfield code="7">0</subfield>
    <subfield code="a">WIUC-1</subfield>
    <subfield code="b">WIUC-1</subfield>
    <subfield code="c">GEN</subfield>
    <subfield code="d">2012-05-03</subfield>
    <subfield code="l">0</subfield>
    <subfield code="o">QA76.76.O63F5983</subfield>
    <subfield code="p">1841/12</subfield>
    <subfield code="r">2012-05-03 00:00:00</subfield>
    <subfield code="t">4</subfield>
    <subfield code="w">2012-05-03</subfield>
    <subfield code="y">BK</subfield>
  </datafield>
  <datafield tag="952" ind1=" " ind2=" ">
    <subfield code="0">0</subfield>
    <subfield code="1">0</subfield>
    <subfield code="2">lcc</subfield>
    <subfield code="4">0</subfield>
    <subfield code="7">0</subfield>
    <subfield code="a">WIUC-1</subfield>
    <subfield code="b">WIUC-1</subfield>
    <subfield code="c">GEN</subfield>
    <subfield code="d">2012-05-03</subfield>
    <subfield code="l">0</subfield>
    <subfield code="o">QA76.76.O63F5984</subfield>
    <subfield code="p">1842/12</subfield>
    <subfield code="r">2012-05-03 00:00:00</subfield>
    <subfield code="t">5</subfield>
    <subfield code="w">2012-05-03</subfield>
    <subfield code="y">BK</subfield>
  </datafield>
  <datafield tag="952" ind1=" " ind2=" ">
    <subfield code="0">0</subfield>
    <subfield code="1">0</subfield>
    <subfield code="2">lcc</subfield>
    <subfield code="4">0</subfield>
    <subfield code="7">0</subfield>
    <subfield code="a">WIUC-1</subfield>
    <subfield code="b">WIUC-1</subfield>
    <subfield code="c">GEN</subfield>
    <subfield code="d">2012-05-03</subfield>
    <subfield code="l">0</subfield>
    <subfield code="o">QA76.76.O63F5985</subfield>
    <subfield code="p">1843/12</subfield>
    <subfield code="r">2012-05-03 00:00:00</subfield>
    <subfield code="t">6</subfield>
    <subfield code="w">2012-05-03</subfield>
    <subfield code="y">BK</subfield>
  </datafield>
  <datafield tag="952" ind1=" " ind2=" ">
    <subfield code="0">0</subfield>
    <subfield code="1">0</subfield>
    <subfield code="2">lcc</subfield>
    <subfield code="4">0</subfield>
    <subfield code="7">0</subfield>
    <subfield code="a">WIUC-1</subfield>
    <subfield code="b">WIUC-1</subfield>
    <subfield code="c">GEN</subfield>
    <subfield code="d">2012-05-03</subfield>
    <subfield code="l">0</subfield>
    <subfield code="o">QA76.76.O63F5986</subfield>
    <subfield code="p">1844/12</subfield>
    <subfield code="r">2012-05-03 00:00:00</subfield>
    <subfield code="t">7</subfield>
    <subfield code="w">2012-05-03</subfield>
    <subfield code="y">BK</subfield>
  </datafield>
</record>
